000 00876nam a2200301 4500
001 0000412581
003 DO-SdBNP
005 20180202154436.0
007 0000412581
008 940907s1994 sp | |||| ||spa
016 7 _a
_2BPMSU
017 _a
_b
020 _a8420646377
035 _a
040 _aBPMSU
_bspa
_cBPMSU
_e
080 0 _a
100 2 _aGarcía Hortelano, Juan
_d1928-1992
245 1 0 _a Riánsares y el fascista ; La capital del mundo /
_cJuan García Hortelano
_h
_b
260 _aMadrid :
_bAlianza Editorial,
_c1994
300 _a94 p. :
_c15 cm.
490 _aAlianza cien
_v37
700 1 0 _aGarcía Hortelano, Juan
_d1928-1992
_tLa capital del mundo
740 3 1 _aLa capital del mundo.
830 _pAlianza cien
_v37
942 _2ddc
_cBK
945 _aInventariado, 2018/ YL
956 _aVMATEO
_210
_320151209
_6BPMSU
_800151
999 _c9070
_d9070